000 00291nam a22001337a 4500
008 170922b xxu||||| |||| 00| 0 eng d
020 _a0809305348
041 _aeng
080 _a902
100 _a45
101 _aARK
245 _aCONTEMOPRARY ARCHAEOLOGY
_cLEONE, M.P
942 _2udc
_cBK
999 _c28928
_d28928